Sous Quelle Agence est Ce Groupe Kpop - Statistiques

Statistiques générales
  • Ce quiz a été pris 920 fois
    318 depuis la dernière actualisation
  • Le résultat moyen est 6 sur 16
Statistiques - réponses
Par images Réponse % Correct
JYP
88%
YG
81%
Cube
62%
Big Hit
61%
Sm
49%
ADOR
48%
BeLift
43%
KQ
37%
Pledis
35%
Source Music
33%
RBW
14%
Yuehua
14%
Happy Face
7%
Mystic Story
4%
Warner Music Korea
3%
Cre. Ker
2%
Aucun quiz correspondant
Distribution des résultats
% des personnes avec chaque résultat
Percentile par nombre de réponses
Votre historique - résultats
Vous n’avez pas pris ce quiz depuis la dernière actualisation